Orígenes, desarrollo y perspectiva de las situaciones autónomas de Costa Rica /
Salvato in:
| Ente Autore: | |
|---|---|
| Natura: | Sconosciuto |
| Lingua: | Spanish |
| Pubblicazione: |
San José:
ICAP
|
| Tags: |
Aggiungi Tag
Nessun Tag, puoi essere il primo ad aggiungerne!!
|
MARC
| LEADER | 00000 a2200000 04500 | ||
|---|---|---|---|
| 001 | 15737 | ||
| 003 | cru CIDCACS/IIS | ||
| 005 | 20230919151514.0 | ||
| 008 | 991231s1978 cr spa d | ||
| 020 | |a [sin ISBN] | ||
| 040 | |a cru CIDCACS/IIS |b español |c cru CIDCACS/IIS | ||
| 090 | |a 04.03.04 Ch539t | ||
| 110 | |a Instituto Centroamericano de Administración Pública | ||
| 245 | |a Orígenes, desarrollo y perspectiva de las situaciones autónomas de Costa Rica / |c Jorge Manuel Dengo Obregón | ||
| 260 | |a San José: |b ICAP | ||
| 300 | |a 35 páginas | ||
| 500 | |a Colección Centroamérica | ||
| 650 | 0 | 7 | |0 TESAUROS |
| 773 | 0 | |g 35 páginas | |
| 773 | 0 | |0 44067 |9 6548 |a Instituto Centroamericano de Administración Pública |d San José: ICAP |o 21403 |t Temas sobre institucionalidad autónoma en Costa Rica / |w (cru IIS)15737 |z [sin ISBN] | |
| 852 | 1 | 1 | |a 04.03.04 Ch539t |
| 942 | |2 z |c LI |h 04.03.04 Ch539t |k 04.03.04 |m Ch539t |i 21403 |6 040304_CH539T_21403 | ||
| 999 | |c 15881 |d 15881 | ||
